Rhymes with 'DOUG' Quiz Stats

 Plays Quiz Updated Apr 25, 2018

Also try: Rhymes with 'ICK'
Challenge
Share
Tweet
Embed
Score 0/21 Timer 02:00
0 Plays Today
% Correct
BUG
98.2%
MUG
97.8%
RUG
95.4%
HUG
94.9%
LUG
94.7%
TUG
94.4%
PUG
92.7%
DUG
92.1%
JUG
87%
SLUG
75.6%
PLUG
70.7%
% Correct
CHUG
68.6%
DRUG
68.6%
FUG
65.9%
SHRUG
62.5%
SMUG
61.7%
GLUG
59.7%
SNUG
58.5%
THUG
57.8%
VUG
37.4%
UGH
33.1%

You're not logged in!

Compare scores with friends on all Sporcle quizzes.
OR
Log In

You Might Also Like...

Show Comments

Extras

Top Quizzes Today


Score Distribution

Your Account Isn't Verified!

In order to create a playlist on Sporcle, you need to verify the email address you used during registration. Go to your Sporcle Settings to finish the process.

Report this User

Report this user for behavior that violates our Community Guidelines.

Details: